歌詞の一部から乃木坂46の曲名を当てるクイズ - Statistics

General Stats
  • This quiz has been taken 325 times
  • The average score is 7 of 25
Answer Stats
ヒント Answer % Correct
真っ白な砂浜 青い海の色 ガールズルール
94%
気配以上 会話未満 インフルエンサー
93%
冬型の気圧配置に 制服のマネキン
85%
ルイボスティーを飲みながら 裸足でsummer
76%
海沿いのボードウォークまで 思い出ファースト
74%
自由とは途中下車をできること 日常
72%
種の多いスイカみたいだった ひと夏の長さより...
71%
オセロは白の勝ち トキトキメキメキ
69%
考えたその上で未来を信じること きっかけ
67%
愛は甘えられるもの 君に叱られた
67%
ヘミングウェイを読みながら バレッタ
67%
過去の道なら迷うことがないから 帰り道は遠回りしたくなる
64%
見つめあった瞳が星空になる サヨナラの意味
64%
他府県ナンバー 歩道橋
63%
リグレットはカットアウト バンドエイド剥がすような別れ方
60%
あなたの照れ隠し ロマンティックいか焼き
60%
こんなに好きなのに言葉にしたら消えそうで 気づいたら片想い
58%
誰もみんな言ってしまって後悔する 心にもないこと
56%
グルーヴへ飛び込め チャンスは平等
56%
散り際の桜 タイムリミット片想い
54%
エコバッグに荷物を詰めて 他人のそら似
54%
それが真実でも幻でも構わない 逃げ水
54%
眩しすぎるわ メインキャスト アンダー
50%
全力で行くよ情熱の近くまで 好きというのはロックだぜ!
50%
お代わりプリーズ 白米様
50%
横断歩道で隣り合わせた シンクロニシティ
47%
猛獣使いみたいに 全部夢のまま
46%
微笑むなんて罪作り Monopoly
46%
いつの日からか孤独に慣れていたけど 君の名は希望
44%
その冷たさに目を覚ましたよ 何度目の青空か?
44%
歪な正義に糾弾される マシンガンレイン
44%
汗の輝きを知らない Route246
44%
その上空を旋回してる アナスターシャ
43%
SNS 喧しい 風船は生きている
43%
3人寄ればとってもお得 ファンタスティック3色パン
43%
見えてる現実は一部でしょう Actually...
43%
癒されていない痛み 懐かしさの先
42%
味わい続けた朝 僕が手を叩く方へ
41%
経験とか過去のデータ関係ない 三番目の風
40%
その時 2人 友達のままで 羽根の記憶
40%
命の無駄遣い 夜明けまで強がらなくてもいい
40%
一番熱くなれるシーズン 夏のFree & Easy
40%
アイコンタクト考えよう 17分間
39%
空の涯まで暗闇が黙り込む 命は美しい
38%
空がどれくらい広いとか ここにはないもの
38%
陳腐な言葉の羅列 僕は僕を好きになる
38%
駅前の渋滞のロータリー 走れ!Bicycle
38%
神様がダイスを振っている Out of the blue
38%
揉めることもなく いつだって おひとりさま天国
36%
純情タンデム チートデイ
36%
丸めた紙くずを投げて 明日がある理由
33%
母親の指先 今、話したい誰かがいる
33%
期待値マックス 最高にハッピー 自惚れビーチ
33%
君のマンションの近くまで 急斜面
33%
幼馴染は近くて遠い 車道側
33%
街に貼られたポスター 僕のこと、知ってる?
33%
急に相談されたって やさしさとは
33%
勧められたカクテル 悪い成分
33%
やがては地面も乾く 4番目の光
33%
心拍数は上がる一方 交感神経優位
31%
ありふれたフロンティアたちの 錆びたコンパス
31%
ババ抜き 七並べ 神経衰弱 でこぴん
31%
ポニーテールの虜になった スカイダイビング
29%
大人たちの反対が正しい ジャンピングジョーカーフラッシュ
28%
アクセル吹かしてわかったよ 孤独兄弟
27%
どうして複雑で面倒なのか 絶望の一秒前
27%
風邪をひいても構わないさ My rule
27%
二回ウィンクする 僕がいる場所
26%
偶然乗り込んだこの夜行便 行くあてのない僕たち
25%
若さの賞味期限 落とし物
25%
仲良しグループを 除名するルール 口約束
25%
海へ続く螺旋の階段 空扉
25%
神様の声がした時に 誰かの肩
25%
憂鬱のタネになったよ もしも心が透明なら
25%
今ここの時空が突然 相対性理論に異議を唱える
23%
学習したことは 未来の答え
23%
昔の彼以上に厄介 深読み
22%
どこの誰の怒りを買った? 踏んでしまった
22%
恋の微熱に気づくだろう 毎日がBrand new day
22%
吹きさらしのその心 Sing Out!
22%
一度くらい味見したって パッションフルーツの食べ方
21%
天に向け吐いた唾か? 忘却と美学
21%
有害物質が眠る 欲望のリインカーネーション
21%
愛の助走 滑走路
20%
風に美しく煌めく さざ波は戻らない
20%
星がやがて消えて行くまで 世界中の隣人よ
20%
勘違いした遠回りや 人は夢を二度見る
20%
構内アナウンス アトノマツリ
19%
常識の地図 指望遠鏡
19%
あなたと私の運命がある あらかじめ語られるロマンス
18%
過呼吸になったっけ 涙がまだ悲しみだった頃
18%
初めて降りた駅の改札 ネーブルオレンジ
18%
カーテン引いて 暗闇作っても 不眠症
18%
シリアスなベクトル 僕の衝動
18%
やっと完成したんだね もう渋滞していない 環状六号線
17%
針葉樹の木立に網の目のように差し込んだ 君に贈る花がない
17%
生まれたその日からあの世に行く日まで 月の大きさ
17%
夏草の青い匂い 満月が消えた
17%
観客は異星人 ライブ神
17%
幻想的な光と影 流星ディスコティック
17%
拭えない勘 Hard to say
17%
自信過剰に自惚れてたら Rewindあの日
16%
刺激的な恋をしなきゃ ゴルゴンゾーラ
15%
チラチラと横顔を盗み見て 図書室の君へ
15%
誕生日 クリスマス バレンタインデー ぼっち党
15%
なんか薄暗い階段 夕陽は何色か?
15%
「House of cards」 嫉妬の権利
14%
区画整理されるって言われてた商店街 路面電車の街
14%
せめて20歩くらい 別れ際、もっと好きになる
14%
タクシー止める理由ないだろう? キスのシルエット
13%
床が鳴いている それまでの猶予
13%
寂しさ感じ取って臆病になる 太陽ノック
13%
溶けて流れてなくなるし のような存在
13%
洗って片付けても マグカップとシンク
13%
クリーニングに ずっと出したまま 醜い私
13%
嫌われること 恐れちゃいけない 誰かは味方
12%
華やかなショウウィンドウ 泣いたっていいじゃないか?
12%
檸檬って漢字 その女
11%
見えないその糊代 隙間
10%
石ころと君は違うよ 世界一のダイヤモンド
10%
お湯を注ぎながら 猫舌カモミールティー
10%
初恋はなぜ実らない 平行線
10%
少し苦すぎるコーヒー 僕の思い込み
10%
もしも君が小鳥なら 無口なライオン
10%
早く気がつけばよかった I see...
10%
白塗り顔紅引き笑う 乃木坂饅頭
9%
地球儀など ボーダー
9%
誰かの動機炙り出す 熱狂の捌け口
8%
飲みかけの炭酸水 不等号
8%
動き出した窓ガラス ごめんねFingers crossed
8%
心の中に 静かに風が吹き始め 失いたくないから
7%
とびきりの笑顔を見せたい 言霊砲
7%
すぐ心の形は変わってく 三角の空き地
7%
家族とLINE 自分じゃない感じ
7%
愛の老廃物でしょう 銭湯ラプソディー
6%
乾いた喉でさえ 乃木坂の詩
6%
王様の耳は何の耳? 羊飼いよ
6%
誰かが描くデッサンみたい ブランコ
6%
自分を磨くことだ 僕だけの光
6%
芽生えてた愛に気づく 知りたいこと
5%
立ち上がる回数 左胸の勇気
5%
純な言霊 ポピパッパパー
5%
足跡をいつどこに残して行くのか? 命の冒涜
0%
手紙と花のタネ 海流の島よ
0%
深い息の片隅で 心のモノローグ
0%
ネガティブなことを忘れて サイコキネシスの可能性
0%
諦めたようにソッポ向いたって ざぶんざざぶん
0%
小細工なんか必要ないんだ 無表情
0%
キリのない願望 やさしいだけなら
0%
落ち込むのは馬鹿馬鹿しい 憂鬱と風船ガム
0%
No matching quizzes found
Score Distribution
Percent of People with Each Score
Percentile by Number Answered
Your Score History
You have not taken this quiz